000 00799nam a2200253Ia 4500
003 OSt
005 20220926022848.0
006 a|||||r|||| 00| 0
007 ta
008 220923b |||||||| |||| 00| 0 eng d
020 _a9780393308730
_c1217.7
037 _b749, 25/02/2013, Pranami Book Service
_cGeneral Book
040 _aRTL
_cRTL
_beng
041 _2eng
_aeng
082 _aV73.N, N1
100 _aCRONON William
_9318061
245 0 _aNature's metropolis
_b Chicago and the Great West.
260 _aNew York
_bW W Norton & Company
_c1991
300 _axxv, 530p Bib: p 471-503
_ccm.
500 _aAppendix: p 387-390
650 _aSociology
942 _hV73.N, N1
_cGB
_2CC
999 _c640471
_d640471